00656nam a22001697a 450000500170000001000130001702000260003003500110005603700130006708200110008010000630009124501290015424600720028326000510035527000570040630000230046320211122145050.0 aUR-11336 c500.00a9789390533091 aU-9891 bDBAD/PUB a844.08 aا نو ر حسين ا نو ر (ا نو ر بھد ر کی) aفن ا و ر فنکا ر(فا ر و ق ا حمد جا ءيسی)cا نو ر حسين ا نو ر (ا نو ر بھد ر کی) aFan Aur Fankar (Farooque Ahmad Jaisi (Urdu)bby Anwar Hussain Anwar aN.Delhic2020 ءbEducational Publishing House aD1/16,Ansari Road,Darya Ganj,bNew Delhie110002l - a496 ص c22 Cm(Hb)